00533nam a2200193 a 4500001001300000003000900013005001700022008004100039020001000080082002000090100001800110245004600128260004600174300000900220500003500229505002400264650003300288700001800321nice12345678IN_TiNIC20260116011529.0050524s1962 cama grp 000 0 eng  ac10000a305.608097bSOU aSouthern, R W aWestern Views of Islam in the Middle Ages aCambridgebHarvard University Pressc1962 a114p aincludes index and biblioraphy2 aBibliography, Index aIslam-Relations Christianity1 aSouthern, R W